000 00736nam a2200265Ia 4500
003 OSt
005 20220918165627.0
006 a|||||r|||| 00| 0
007 ta
008 220917b |||||||| |||| 00| 0 eng d
020 _a8170185009
024 _a33,021
037 _cTextual
040 _aARTS
_cARTS
_beng
041 _2eng
_aeng
082 _aO111,1M981x, M8
100 _aChattopadhyaya Harindranath
_924993
245 0 _aReflections
_b poems
260 _aDelhi
_bB R Pub Rorp India
_c1988
300 _axi,272p.
_ccm.
490 _aNew World Literature Series; 11
650 _aENGLISH LITERATURE
942 _hO111,1M981x, M8
_cTEXL
_2CC
999 _c130572
_d130572